Skrytá podstata antimonopolní politiky

Protimonopolná politika z pohľadu moderného ekonomického myslenia. Korene protimonopolného zákonodarstva. Teória hospodárskej súťaže. Podstata protimonopolnej politiky.

Gespeichert in:
Bibliographische Detailangaben
1. Verfasser: Paneš, Patrik
Format: Buchkapitel
Sprache:Tschechisch
Schlagworte:
Tags: Tag hinzufügen
Keine Tags, Fügen Sie das erste Tag hinzu!

MARC

LEADER 00000naa$a2200000$$$4500
001 0055361
005 20231116103719.7
041 0 |a cze 
044 |a CZ 
245 1 0 |a Skrytá podstata antimonopolní politiky  |c Patrik Paneš 
520 |a Protimonopolná politika z pohľadu moderného ekonomického myslenia. Korene protimonopolného zákonodarstva. Teória hospodárskej súťaže. Podstata protimonopolnej politiky. 
610 2 0 |a právo 
610 2 0 |a ekonómia 
610 2 0 |a história 
610 2 0 |a súťaž hospodárska 
610 2 0 |a politika protimonopolná 
100 1 |a Paneš, Patrik